Hanʾguk ŭi tokkaebi yŏnʾgu /
Saved in:
| Main Author: | |
|---|---|
| Format: | Book |
| Language: | Korean |
| Published: |
Sŏul-si :
Kukhak Charyowŏn,
1994.
|
| Series: | Minsokhak yŏnʾgu ;
5. |
| Subjects: | |
| Tags: |
Add Tag
No Tags, Be the first to tag this record!
|
| LEADER | 01092nam a2200313 a 4500 | ||
|---|---|---|---|
| 001 | 007735657-8 | ||
| 005 | 20024617124222.0 | ||
| 008 | 941018s1994 ko b 000 0 kor d | ||
| 020 | |a 8985465201 | ||
| 035 | 0 | |a ocm31306890 | |
| 040 | |a CU |c CU |d MH-HY |d CStRLIN | ||
| 043 | |a a-kr--- | ||
| 100 | 1 | |6 880-01 |a Kim, Chong-dae. | |
| 245 | 1 | 0 | |6 880-02 |a Hanʾguk ŭi tokkaebi yŏnʾgu / |c Kim Chong-dae chiŭm. |
| 260 | |6 880-03 |a Sŏul-si : |b Kukhak Charyowŏn, |c 1994. | ||
| 300 | |a 332 p. ; |c 23 cm. | ||
| 490 | 1 | |6 880-04 |a Minsokhak yŏnʾgu ; |v 5 | |
| 500 | |a Abstract in English with caption tittle: A study of Tokaebi in Korea. | ||
| 504 | |a Includes bibliographical references (p. 263-271). | ||
| 650 | 0 | |a Demonology |z Korea. | |
| 650 | 0 | |a Ghouls and ogres |z Korea. | |
| 880 | 1 | |6 100-01 |a 김종대. | |
| 880 | 1 | 0 | |6 245-02 |a 한국의도깨비연구 / |c 김종대지음. |
| 880 | |6 260-03 |a 서울시 : |b 국학자료원, |c 1994. | ||
| 880 | 1 | |6 490-04 |a 민속학연구 ; |v 5 | |
| 830 | 0 | |6 880-54 |a Minsokhak yŏnʾgu ; |v 5. | |
| 880 | 0 | |6 830-54 |a 민속학연구 ; |v 5. | |
| 988 | |a 20021218 | ||
| 906 | |0 OCLC | ||


